Exploring the Invisible : Finding Structure in Scientific Data.

Bibliographic Details
Main Author: Engelke, Wito.
Format: eBook
Language:English
Published: Linköping : Linkopings Universitet, 2022.
Edition:1st ed.
Subjects:
Online Access:Click to View
LEADER 01760nam a22003493i 4500
001 EBC6950309
003 MiAaPQ
005 20240729202203.0
006 m o d |
007 cr cnu||||||||
008 240729s2022 xx o ||||0 eng d
020 |a 9789179291259  |q (electronic bk.) 
035 |a (MiAaPQ)EBC6950309 
035 |a (Au-PeEL)EBL6950309 
035 |a (OCoLC)1321804380 
040 |a MiAaPQ  |b eng  |e rda  |e pn  |c MiAaPQ  |d MiAaPQ 
100 1 |a Engelke, Wito. 
245 1 0 |a Exploring the Invisible :  |b Finding Structure in Scientific Data. 
250 |a 1st ed. 
264 1 |a Linköping :  |b Linkopings Universitet,  |c 2022. 
264 4 |c {copy}2022. 
300 |a 1 online resource (147 pages) 
336 |a text  |b txt  |2 rdacontent 
337 |a computer  |b c  |2 rdamedia 
338 |a online resource  |b cr  |2 rdacarrier 
505 0 |a Intro -- Abstract -- Populärvetenskaplig Sammanfattning -- Acknowledgements -- List of Publications -- Contributions -- Contents -- Chapter 1 Introduction -- Chapter 2 Background &amp -- Related Work -- Chapter 3 Prototyping Framework -- Chapter 4 Contributions -- Chapter 5 Future Work -- Chapter 6 Concluding Remarks -- Literature -- Chapter 7 Appendix -- Papers. 
588 |a Description based on publisher supplied metadata and other sources. 
590 |a Electronic reproduction. Ann Arbor, Michigan : ProQuest Ebook Central, 2024. Available via World Wide Web. Access may be limited to ProQuest Ebook Central affiliated libraries.  
655 4 |a Electronic books. 
776 0 8 |i Print version:  |a Engelke, Wito  |t Exploring the Invisible  |d Linköping : Linkopings Universitet,c2022 
797 2 |a ProQuest (Firm) 
856 4 0 |u https://ebookcentral.proquest.com/lib/matrademy/detail.action?docID=6950309  |z Click to View